| 000 | 00407nam a2200169Ia 4500 | ||
|---|---|---|---|
| 005 | 20240823011420.0 | ||
| 008 | 240823s9999||||xx |||||||||||||| ||und|| | ||
| 082 | _A658.4038 P2 | ||
| 100 | _a"Bruck,Bill" | ||
| 245 | 0 | _aTaming Information TSUNAMI | |
| 250 | _a1st | ||
| 260 |
_c2002 _b"PHI,New Delhi" |
||
| 500 | _aYES | ||
| 650 |
_aComputer Science _bComputer Science |
||
| 942 | _cBK | ||
| 999 |
_c161473 _d161473 |
||